000
00190nam a22000977a 4500
245
_a
First Illustrated Dictionary
250
_a
2013
260
_b
Pinnacle
300
_a
168
942
_2
ddc
_c
BK
999
_c
12133
_d
12133